| 000 | 00925nas a2200277 4500 | ||
|---|---|---|---|
| 001 | BR0802930 | ||
| 003 | BR-BrBNA | ||
| 005 | 20231205112120.0 | ||
| 007 | ta | ||
| 008 | 230509b bl.|||p| |||| 00| 00por d | ||
| 040 |
_aBR-BrBNA _bpor _cBiblioteca Nacional de Agricultura |
||
| 041 | _a(En) | ||
| 072 | _aL20; L60 | ||
| 100 | 1 | _aSilva, N.M. da | |
| 100 | 1 | _aFantinel, C. da C. | |
| 100 | 1 | _aValente, V.L.S. | |
| 100 | 1 | _aValiati, V.H. | |
| 245 | 1 | _aPopulation dynamics of the invasive species Zaprionus indianus (Gupta)(Diptera: Drosophilidae)in communities of Drosophilids of Porto Alegre City, Southern of Brazil | |
| 650 | _aINSETO | ||
| 650 | _aECOLOGIA ANIMAL | ||
| 650 | _aCOMPORTAMENTO ANIMAL | ||
| 650 | _aPORTO ALEGRE | ||
| 773 | 0 |
_tNeotropical Entomology (Brazil) _xISSN 1519-566X _g(May-Jun 2005), v. 34(3) p. 363-374 _wBR0802930 |
|
| 909 |
_a202311 _bLúcia _c55 _dLúcia Elande |
||
| 942 |
_2AGRIS _n0 _cANA |
||
| 999 |
_c196170 _d196170 |
||